000 00551nam a22001577a 4500
003 NUST
005 20230324113656.0
008 230324b ||||| |||| 00| 0 eng d
020 _a9789694083650
082 _a340.59,MAS
100 _aMasood, Muhammad Khalid
_9111364
245 _aAllama Iqbal ka tasawar e ijtihad / علامہ اقبال کا تصور اجتہاد /
_cMuhammad Khalid Masood
260 _aIslamabad, Pakistan
_bIdara e tehqeeqat e Islami, Islamic International University
_c2018
300 _a290p.
942 _2ddc
_cBK
_k340.59,MAS
999 _c594255
_d594255